MARC details
| 000 -LEADER |
| fixed length control field |
01675pam a2200349 a 4500 |
| 001 - CONTROL NUMBER |
| control field |
2979317 |
| 003 - CONTROL NUMBER IDENTIFIER |
| control field |
OSt |
| 005 - DATE AND TIME OF LATEST TRANSACTION |
| control field |
20230627114450.0 |
| 008 - FIXED-LENGTH DATA ELEMENTS--GENERAL INFORMATION |
| fixed length control field |
921201s1993 enk b 101 0 eng |
| 010 ## - LIBRARY OF CONGRESS CONTROL NUMBER |
| LC control number |
92042307 |
| 020 ## - INTERNATIONAL STANDARD BOOK NUMBER |
| International Standard Book Number |
1856492052 |
| 040 ## - CATALOGING SOURCE |
| Original cataloging agency |
DLC |
| Transcribing agency |
DLC |
| Modifying agency |
DLC |
| 043 ## - GEOGRAPHIC AREA CODE |
| Geographic area code |
f------ |
| 050 00 - LIBRARY OF CONGRESS CALL NUMBER |
| Classification number |
HD9502.A492 |
| Item number |
E55 1993 |
| 082 00 - DEWEY DECIMAL CLASSIFICATION NUMBER |
| Classification number |
333.79/096 |
| Edition number |
20 |
| Item number |
KAR |
| 245 00 - TITLE STATEMENT |
| Title |
Energy options for Africa : |
| Remainder of title |
environmentally sustainable alternatives / |
| Statement of responsibility, etc. |
edited by Stephen Karekezi & Gordon Mackenzie. |
| 260 ## - PUBLICATION, DISTRIBUTION, ETC. (IMPRINT) |
| Place of publication, distribution, etc. |
London ; |
| -- |
Atlantic Highlands, N.J. : |
| Name of publisher, distributor, etc. |
Zed Books, in association with the African Energy Policy Research Network (AFREPREN), the Foundation for Woodstove Dissemination (FWD), UNEP Collaborating Centre on Energy and Environment, Risø National Library, |
| Date of publication, distribution, etc. |
c1993. |
| 300 ## - PHYSICAL DESCRIPTION |
| Extent |
viii, 184 p. ; |
| Dimensions |
23 cm. |
| 500 ## - GENERAL NOTE |
| General note |
"This book brings together country papers presented at an African Energy Experts Meeting held in Nairobi, Kenya on 18-20 May 1992"--Preface. |
| 504 ## - BIBLIOGRAPHY, ETC. NOTE |
| Bibliography, etc |
Includes bibliographical references and index. |
| 650 #0 - SUBJECT ADDED ENTRY--TOPICAL TERM |
| Topical term or geographic name as entry element |
Energy policy |
| Geographic subdivision |
Africa. |
| 650 #0 - SUBJECT ADDED ENTRY--TOPICAL TERM |
| Topical term or geographic name as entry element |
Environmental policy |
| Geographic subdivision |
Africa. |
| 700 1# - ADDED ENTRY--PERSONAL NAME |
| Personal name |
Karekezi, Stephen. |
| 700 1# - ADDED ENTRY--PERSONAL NAME |
| Personal name |
Mackenzie, Gordon. |
| 710 2# - ADDED ENTRY--CORPORATE NAME |
| Corporate name or jurisdiction name as entry element |
African Energy Policy Research Network. |
| 710 2# - ADDED ENTRY--CORPORATE NAME |
| Corporate name or jurisdiction name as entry element |
Foundation for Woodstove Dissemination. |
| 710 2# - ADDED ENTRY--CORPORATE NAME |
| Corporate name or jurisdiction name as entry element |
UNEP Collaborating Centre on Energy and Environment. |
| 711 2# - ADDED ENTRY--MEETING NAME |
| Meeting name or jurisdiction name as entry element |
African Energy Experts Meeting |
| Date of meeting |
(1992 : |
| Location of meeting |
Nairobi, Kenya) |
| 906 ## - LOCAL DATA ELEMENT F, LDF (RLIN) |
| a |
7 |
| b |
cbc |
| c |
orignew |
| d |
1 |
| e |
ocip |
| f |
19 |
| g |
y-gencatlg |
| 942 ## - ADDED ENTRY ELEMENTS (KOHA) |
| Source of classification or shelving scheme |
Dewey Decimal Classification |
| Koha item type |
Books |